Načítá se...
Siva Samudram
| Hlavní autor: | |
|---|---|
| Médium: | Printed Book |
| Jazyk: | Malayalam |
| Vydáno: |
Jacob. E. P
Jacob. E. P
1111
|
| LEADER | 00456nam a2200133Ia 4500 | ||
|---|---|---|---|
| 008 | 111205s9999 xx 000 0 mal d | ||
| 082 | |a 851 M RAJ/A | ||
| 100 | |a Paul. K. A. | ||
| 245 | |a Siva Samudram |c Paul. K. A. | ||
| 260 | |b Jacob. E. P |a Jacob. E. P |c 1111 | ||
| 300 | |a 24 | ||
| 942 | |c BK | ||
| 999 | |c 209572 |d 209572 | ||
| 952 | |0 0 |1 0 |2 ddc |4 1 |6 851_000000000000000_M_RAJ_A |7 0 |9 231798 |a MAL |b MAL |c ST1 |d 1999-09-22 |g 7.00 |l 0 |o 851 M RAJ/A |p MAL11273 |r 2011-12-05 |v 7.00 |w 2011-12-05 |y BK | ||